Advanced engineering mathematics (Record no. 2354)

000 -LEADER
fixed length control field 00457nam a22001937a 4500
001 - CONTROL NUMBER
control field 2354
003 - CONTROL NUMBER IDENTIFIER
control field BD-DhUET
008 - FIXED-LENGTH DATA ELEMENTS--GENERAL INFORMATION
fixed length control field 140922b xxu||||| |||| 00| 0 eng d
020 ## - INTERNATIONAL STANDARD BOOK NUMBER
International Standard Book Number 8121903459
040 ## - CATALOGING SOURCE
Transcribing agency 0
Modifying agency BD-DhUET
082 ## - DEWEY DECIMAL CLASSIFICATION NUMBER
Classification number 510
Item number DAS/2007
100 ## - MAIN ENTRY--PERSONAL NAME
Personal name Dass, H.K.
245 ## - TITLE STATEMENT
Title Advanced engineering mathematics
250 ## - EDITION STATEMENT
Edition statement 17th Rev. ed.
260 ## - PUBLICATION, DISTRIBUTION, ETC. (IMPRINT)
Place of publication, distribution, etc. Ram Nagar
Name of publisher, distributor, etc. S. Chand.
Date of publication, distribution, etc. 2007
300 ## - PHYSICAL DESCRIPTION
Extent xvi,1274p.
650 #0 - SUBJECT ADDED ENTRY--TOPICAL TERM
Topical term or geographic name as entry element Mathematics
942 ## - ADDED ENTRY ELEMENTS (KOHA)
Koha item type General Book
Holdings
Koha out on loan Date acquired Damaged status Koha item type Source of classification or shelving scheme Withdrawn status Koha date last seen Shelving location Not for loan Sublocation or collection (holding branch) Koha issues (times borrowed) Koha date last borrowed Price effective from Lost status Koha normalized classification for sorting Copy number Location (home branch) Koha full call number Piece designation (barcode)
 2014-09-22 General Book  2023-05-06Circulation section Central Library, BUET32022-11-232014-09-22 510DAS20071Central Library, BUET510/DAS/2007103924
2026-01-272014-09-22 General Book  2026-01-13Circulation section Central Library, BUET62026-01-132014-09-22 510DAS20072Central Library, BUET510/DAS/2007103925
 2014-09-22 General Book  2025-02-10Circulation section Central Library, BUET42024-12-012014-09-22 510DAS20073Central Library, BUET510/DAS/2007103927
 2014-09-22 General Book  2023-06-05Circulation section Central Library, BUET32023-03-222014-09-22 510DAS20074Central Library, BUET510/DAS/2007103928
 2014-09-22 General Book  2016-02-24Circulation section Central Library, BUET12014-11-122014-09-22 510DAS20075Central Library, BUET510/DAS/2007103929
 2014-09-22 General Book  2023-02-28Circulation section Central Library, BUET22023-01-112014-09-22 510DAS20077Central Library, BUET510/DAS/2007103931
2026-04-292014-09-22 General Book  2026-04-15Circulation section Central Library, BUET32026-04-152014-09-22 510DAS20076Central Library, BUET510/DAS/2007103930
 2015-01-26 General Book  2019-03-31Circulation section Central Library, BUET22019-01-202015-01-26 510_000000000000000_DAS_20078Central Library, BUET510/DAS/2007103922
 2015-09-01 General Book  2025-04-07Circulation section Central Library, BUET22025-03-022015-09-01 510DAS_2007_0000000000000009Central Library, BUET510DAS/2007103923
2024-12-082007-05-28 General Book  2024-11-24Circulation section Central Library, BUET112024-11-242017-05-29 510_000000000000000_DAS_200710Central Library, BUET510/DAS/2007103926